| 000 | 00477cam a2200157 4500500 | ||
|---|---|---|---|
| 005 | 20260329003727.0 | ||
| 041 | _afre | ||
| 042 | _adc | ||
| 100 | 1 | 0 |
_aGoron, Gaëtan _eauthor |
| 245 | 0 | 0 | _aMots croisés #26 |
| 260 | _c2016. | ||
| 500 | _a88 | ||
| 690 | _aMots croisés | ||
| 786 | 0 | _nPhilosophie magazine | 103 | 10 | 2016-10-01 | p. 69-69 | 1951-1787 | |
| 856 | 4 | 1 | _uhttps://shs.cairn.info/magazine-philosophie-magazine-2016-10-page-69?lang=fr&redirect-ssocas=7080 |
| 999 |
_c1827104 _d1827104 |
||